السموم : (رقم التسجيلة. 49415)

تفاصيل مارك
000 -LEADER
fixed length control field 00540nam a22001697a 4500
005 - DATE AND TIME OF LATEST TRANSACTION
control field 20251108170814.0
008 - FIXED-LENGTH DATA ELEMENTS--GENERAL INFORMATION
fixed length control field 250721s1996 xx 000 0 ara d
082 14 - DEWEY DECIMAL CLASSIFICATION NUMBER
Classification number 615.9/عبد
100 1# - MAIN ENTRY--PERSONAL NAME
Personal name عبد الجواد، شوقية مهنى
245 10 - TITLE STATEMENT
Title السموم :
Remainder of title أنواعها و كيفية مواجهتها /
264 1# - PRODUCTION, PUBLICATION, DISTRIBUTION, MANUFACTURE, AND COPYRIGHT NOTICE
Place of production, publication, distribution, manufacture القاهرة :
Name of producer, publisher, distributor, manufacturer مركز الأهرام للترجمة و النشر،
Date of production, publication, distribution, manufacture, or copyright notice 1996.
300 ## - PHYSICAL DESCRIPTION
Extent 138ص
490 0# - SERIES STATEMENT
Series statement إعرف صحتك ؛ 15
650 17 - SUBJECT ADDED ENTRY--TOPICAL TERM
Topical term or geographic name as entry element السموم
942 ## - ADDED ENTRY ELEMENTS (KOHA)
Source of classification or shelving scheme Dewey Decimal Classification
Koha item type كتب
المقتنيات
حالة السحب حالة الفقدان مصدر التصنيف حالة التلف غير قابل للإعارة المكتبة الرئيسية المكتبة الحالية موقع الرف تاريخ التزويد الرقم المتسلسل Total Checkouts رقم الإستدعاء الباركود تاريخ آخر ظهور تاريخ الفاتورة نوع المادة (كوها)
    Dewey Decimal Classification     مكتبة الحسن العامة مكتبة الحسن العامة الإعارة 06/07/2004 381213   615.9/عبد 381213 28/07/2025 06/07/2004 كتب
    Dewey Decimal Classification     مكتبة الراية الهاشمية للأطفال مكتبة الراية الهاشمية للأطفال الأطفال 10/01/2003 1466259   615.9/عبد PLD00346868 28/07/2025 10/01/2003 كتب
    Dewey Decimal Classification Unchecked   مكتبة النصر العامة مكتبة النصر العامة الإعارة 06/07/2004 386612   615.9/عبد   28/07/2025 06/07/2004 كتب
    Dewey Decimal Classification Unchecked   مكتبةمؤتة مكتبةمؤتة الإعارة 06/07/2004 386614   615.9/عبد   28/07/2025 06/07/2004 كتب
Implemented & Customized by: BBB with SCIT (Smart Chains for Information Technology)

Powered by Koha